000
00264nam a2200121Ia 4500
100
_a
Jamsa
942
_c
BK
654
_a
HTML
245
_a
HTML and Web Design-Tips and techniques
260
_b
Tata Mc Graw hill
_c
2002
082
_a
4.65
_b
JAM
546
_a
ENGLISH
999
_c
25976
_d
25976